000 00340nam a2200133 a 4500
008 991220s1998||||xx 0 und c
020 _a8085866307
_cDar
040 _aSNK
_bslo
_cSNK
_eAACR2
100 1 _aDvořáček, Jan
245 1 0 _aUrologie II. díl
260 _aPraha
_bISV nakladatelství
_c1998
300 _a1194 s.
044 _axo
_cSK
999 _c18391
_d18391